| 000 | 01004nam a22002417a 4500 | ||
|---|---|---|---|
| 003 | OSt | ||
| 005 | 20151013175429.0 | ||
| 008 | 150226s2015 spc ||||||||| 000 0 cat|d | ||
| 020 | _a9788449048555 (UAB) | ||
| 020 | _a9788480219952 (UJI) | ||
| 020 | _a9788437095073 (UV) | ||
| 040 |
_bcat _cCDMR |
||
| 100 | 1 | _aParreño Rabadan, Mònica | |
| 245 | 1 | 3 |
_aEl Camp periodístic valencià _b: l'estructura mediàtica i la pràctica dels periodistes _cMònica Parreño Rabadan ; pròleg de Josep Lluís Gómez Mompart |
| 260 |
_aBellaterra : _bUniversitat Autònoma de Barcelona ; _aCastelló de la Plana : _bUniversitat Jaume I ; _aBarcelona : _bUniversitat Pompeu Fabra ; _aValència : _bUniversitat de València, _c2015 |
||
| 300 |
_a178 p. ; _c24 cm |
||
| 490 | 0 |
_aAldea Global _v30 |
|
| 504 | _aBibliografia | ||
| 650 | 0 | 0 |
_aPeriodisme _zComunitat Valenciana _9382 |
| 650 | 0 |
_aMitjans de comunicació de massa _zComunitat Valenciana _93266 |
|
| 650 | 0 | 0 |
_aPeriodistes _zComunitat Valenciana _92273 |
| 942 | _cMON | ||
| 999 |
_c6888 _d6888 |
||